01253nam a2200325Ia 4500001001200000003000800012006001900020007001500039008004100054020001800095020001800113040002100131035002100152050002400173082001400197245012000211260005400331300002300385490004600408504005100454533015200505650001900657650002000676655002900696700001900725700002300744710001700767856012600784999001700910ebr10659200CaPaEBRm u cr cn|||||||||130321s2010 nyua sb 001 0 eng d z9781606920688 z9781613249963 aCaPaEBRcCaPaEBR a(OCoLC)84762845414aRC341b.H675 2010eb04a612.821400aHorizons in neuroscience researchh[electronic resource] .nVolume 1 /cAndres Costa and Eugenio Villalba, editors. aHauppauge, NY :bNova Science Publishers,cc2010. axv, 434 p. :bill.0 aHorizons in neuroscience research ;vv. 1 aIncludes bibliographical references and index. aElectronic reproduction.bPalo Alto, Calif. :cebrary,d2013.nAvailable via World Wide Web.nAccess may be limited to ebrary affiliated libraries. 0aNeurosciences. 0aNervous system. 7aElectronic books.2local1 aCosta, Andres.1 aVillalba, Eugenio.2 aebrary, Inc.40uhttp://site.ebrary.com/lib/rucke/Doc?id=10659200zAn electronic book accessible through the World Wide Web; click to view c63968d63968